[Event "Eastern Asia-ch U20"]
[Site "Batangas"]
[Date "2019.12.10"]
[Round "1"]
[White "Alanan, Brent Lenard"]
[Black "Miciano, John Marvin"]
[Result "0-1"]
[WhiteElo "1892"]
[BlackElo "2347"]
[PlyCount "92"]
[EventDate "2019.12.10"]
[EventType "swiss"]
[EventRounds "9"]
[EventCountry "PHI"]
[SourceTitle "CBM 193 Extra"]
[Source "ChessBase"]
[SourceDate "2020.01.31"]
[SourceVersion "1"]
[SourceVersionDate "2020.01.31"]
[SourceQuality "1"]

1. d4 g6 2. Nf3 Bg7 3. g3 f5 4. Bg2 Nf6 5. 0-0 0-0 6. c4 d6 7. Nc3 c6 8. d5 e5 9. dxe6 Bxe6 10. Bf4 Bxc4 11. Qxd6 Qxd6 12. Bxd6 Re8 13. Ne5 Be6 14. Rfd1 Nbd7 15. Nd3 Nb6 16. Rac1 Nbd7 17. e3 a5 18. Nc5 Nxc5 19. Bxc5 Nd7 20. Bd6 a4 21. Rd2 Ne5 22. Bxe5 Bxe5 23. a3 Bb3 24. Kf1 Red8 25. Rxd8+ Rxd8 26. Ke1 Kf7 27. Bf3 Ke6 28. h4 Rd6 29. Be2 b5 30. g4 f4 31. e4 Bd4 32. Bd1 Ke5 33. Bxb3 axb3 34. f3 h5 35. g5 Be3 36. Rd1 Rxd1+ 37. Nxd1 Bc1 38. Ke2 Kd4 39. e5 Kxe5 40. Kd3 c5 41. Kc3 c4 42. Nf2 Be3 43. Nd1 Kd5 44. Kb4 Kc6 45. a4 Bd2+ 46. Nc3 bxa4 0-1